| 000 | 00784nam a2200181 4500 | ||
|---|---|---|---|
| 001 | 156837 | ||
| 003 | ES-MaACL | ||
| 005 | 20230906210517.0 | ||
| 008 | 950118s1842 sp |||| | spa d | ||
| 040 |
_aEUS _bspa _cEUS |
||
| 100 | 1 |
_aLackics, Georgio Sigismundo. _9128560 |
|
| 245 | 1 | 0 |
_aDerecho público eclesiástico, donde se trata de la iglesia cristiana y de la concordia de la potestad sagrada con la civil / _cobra que escribió en latín Jorge Sigismundo Lackics ; y traducida en castellano por Jacobo Gallegos-Fajardo. |
| 260 |
_aValencia : _bLibrería de Mallen y sobrinos, _c1842 ( _fImprenta de J. Ferrer de Orga) |
||
| 300 |
_a416 p. ; _c16 cm. |
||
| 700 | 2 | 1 |
_aGallegos-Fajardo, Jacobo, _etrad. _9127191 |
| 852 |
_aES-MaACL _jD-2768 _z-- Rust. |
||
| 999 |
_c156837 _d156837 |
||